| 000 | 00922nam a2200217 i 4500 | ||
|---|---|---|---|
| 001 | 60899 | ||
| 003 | ES-MaACL | ||
| 007 | t| | ||
| 008 | 031107m19701971sp ||||1| spa d | ||
| 245 | 0 | 0 | _aEstudio socioeconómico de Andalucía. |
| 250 | _a[1ª ed.]. | ||
| 260 |
_a[Madrid] : _bInstituto de Desarrollo Económico, _c[1970+1971] |
||
| 300 |
_a3 v. ; _c22 cm. |
||
| 505 | 8 | _aContiene: V. I.: Estructura social. -- V. II.: Factores humanos, élites locales y cambio social en la Andalucía rural / informes de Kade, Juan J. Linz. -- V. III.: El sector agrario y factores geográficos en el desarrollo de Andalucía / informe de Herbert Kötter, Joaquín Bosque Maruel | |
| 700 | 1 |
_aKade. _967386 |
|
| 700 | 1 |
_aLinz, Juan J. _972470 |
|
| 700 | 1 |
_aKötter, Herbert. _968658 |
|
| 700 | 1 |
_aBosque Maurel, Joaquín. _930700 |
|
| 710 | 2 |
_aInstituto de Desarrollo Económico. _94862 |
|
| 852 |
_aES-MaACL _jE-6308-10 _bR.90577 |
||
| 999 |
_c60899 _d60899 |
||